000
00341 a2200157 4500
001
161894
020
_a
978-84-8443-132-9
040
_c
Magnum
100
_a
Sans, Neus
240
1
0
_a
La llamada de la habana
_l
ESP
245
1
0
_a
La llamada de la habana
300
_a
46
362
0
_a
2009
697
_a
LITERATURA ESPANHOLA
942
_c
BK
999
_c
161894
_d
161894